00445nam a2200181Ia 4500003000400000005001700004008004100021020001500062040001000077041000800087082001300095100002100108245002600129260007300155300001000228563000700238650001800245OSt20220201160411.0210707s1978 xx 000 0 und d a0140711015 aALc  aeng a428 GOWC aGOWERS ( Ernest) aComplete plain words. aGreat Britain.bEnglish Language Book Society, Penguin Books.,c1978 a332 p aPB aEnglish Usage